Actividades del Instituto del Teatro
Publicado:
San Jorge, núm. 88 (4t trimestre 1972), pàg 79 :
MARC
| LEADER | 00000nam a2200000Ia 4500 | ||
|---|---|---|---|
| 003 | BGR | ||
| 005 | 20260324175813.0 | ||
| 008 | 160829s9999 xx 000 0 cat d | ||
| 245 | |a Actividades del Instituto del Teatro | ||
| 260 | |a San Jorge, núm. 88 (4t trimestre 1972), pàg 79 | ||
| 600 | 1 | 0 | |a Soler, Frederic |9 71856 |
| 600 | 1 | 0 | |a Magriñà, Joan |9 71857 |
| 600 | 1 | 0 | |a Aguadé, Assumpció |9 71858 |
| 600 | 1 | 0 | |a Rovira, Alfonso |9 71859 |
| 610 | 1 | 0 | |a Institut del Teatre (Barcelona, Catalunya) |9 52662 |x Congressos |x Assistència |
| 610 | 1 | 0 | |a Institut del Teatre (Barcelona, Catalunya) |9 52662 |x Premis |
| 650 | 0 | |a Homenatges |9 21383 | |
| 901 | |a Arxiu | ||
| 942 | |n 1 |2 udc |c MON | ||
| 952 | |0 0 |1 0 |4 0 |7 1 |9 50492 |a Arxiu |b Arxiu |d 2016-12-01 |l 0 |r 2016-12-01 00:00:00 |w 2016-12-01 |y ARXIU | ||
| 999 | |c 54334 |d 54334 | ||